000 00564nam a2200229Ia 4500
003 OSt
005 20220924153614.0
006 a|||||r|||| 00| 0
007 ta
008 220923b |||||||| |||| 00| 0 tam d
024 _a350946
037 _cTextual
040 _aARTS
_cARTS
_btam
041 _2tam
_atam
082 _aQ23.21, 31P3
100 _achandrabose A
_9229360
245 0 _aThanava nathu varalaru
260 _c2003
650 _aRELIGION
942 _hQ23.21, 31P3
_cTEXL
_2CC
999 _c474226
_d474226